Практическая фонетика английского языка: электронный курс

Bibliographic Details
Main Author: Обсков А. В. Александр Владимирович
Corporate Author: Национальный исследовательский Томский политехнический университет
Summary:Заглавие с экрана
Основной целью курса является усовершенствование, сохранение и дальнейшее совершенствование произносительных умений и навыков, выработанных в ходе постановки аутентичного английского произношения на вводно-фонетическом курсе. В процессе обучения расширяется общекультурный и филологический кругозор студентов, что способствует возникновению интереса к изучению английского языка. Кроме этого, курс призван развивать различные виды памяти, умение самостоятельно работать с языком. В ходе обучения решаются следующие задачи: развитие произносительных навыков диалогической и монологической речи; развитие навыка восприятия иноязычной речи на слух; обучение речевым моделям современного английского языка, включая разговорную и эмоционально окрашенную речь; изучение фонетических особенностей текстов различной стилистической и жанровой принадлежности.
Доступ по логину и паролю
Language:Russian
Published: Томск, TPU Moodle, 2015
Subjects:
Online Access:http://design.lms.tpu.ru/course/view.php?id=618
Format: Electronic Book
KOHA link:https://koha.lib.tpu.ru/cgi-bin/koha/opac-detail.pl?biblionumber=651750

MARC

LEADER 00000nlm0a2200000 4500
001 651750
005 20250523135811.0
035 |a (RuTPU)RU\TPU\network\17012 
035 |a RU\TPU\network\17011 
090 |a 651750 
100 |a 20161121d2015 m y0rusy50 ca 
101 0 |a rus 
102 |a RU 
105 |a a j 000zy 
135 |a jrcn ---uucaa 
181 0 |a i  
182 0 |a b 
200 1 |a Практическая фонетика английского языка  |e электронный курс  |f А. В. Обсков  |g Национальный исследовательский Томский политехнический университет (ТПУ), Энергетический институт (ЭНИН), Кафедра иностранных языков энергетического института (ИЯЭИ) 
203 |a Текст  |c электронный 
210 |a Томск  |c TPU Moodle  |d 2015 
300 |a Заглавие с экрана 
330 |a Основной целью курса является усовершенствование, сохранение и дальнейшее совершенствование произносительных умений и навыков, выработанных в ходе постановки аутентичного английского произношения на вводно-фонетическом курсе. В процессе обучения расширяется общекультурный и филологический кругозор студентов, что способствует возникновению интереса к изучению английского языка. Кроме этого, курс призван развивать различные виды памяти, умение самостоятельно работать с языком. В ходе обучения решаются следующие задачи: развитие произносительных навыков диалогической и монологической речи; развитие навыка восприятия иноязычной речи на слух; обучение речевым моделям современного английского языка, включая разговорную и эмоционально окрашенную речь; изучение фонетических особенностей текстов различной стилистической и жанровой принадлежности. 
333 |a Доступ по логину и паролю 
606 1 |a Английский язык  |x Учебные руководства и пособия для высшей школы  |x Пособия по фонетике  |2 stltpush  |3 (RuTPU)RU\TPU\subj\29072  |9 52484 
610 1 |a электронный ресурс 
610 1 |a труды учёных ТПУ 
610 1 |a электронное обучение 
610 1 |a электронные курсы ТПУ 
610 1 |a совершенствование 
610 1 |a вводно-фонетические курсы 
610 1 |a английский язык 
610 1 |a иноязычная речь 
610 1 |a фонетические процессы 
610 1 |a изучение 
610 1 |a электронные учебные пособия 
610 1 |a учебные пособия 
686 |a Ш143.21-923.1  |2 rubbk 
700 1 |a Обсков  |b А. В.  |c лингвист  |c старший преподаватель Томского политехнического университета  |f 1985-  |g Александр Владимирович  |3 (RuTPU)RU\TPU\pers\34135 
712 0 2 |a Национальный исследовательский Томский политехнический университет  |c (2009- )  |9 26305 
801 2 |a RU  |b 63413507  |c 20210928  |g RCR 
850 |a 63413507 
856 4 |u http://design.lms.tpu.ru/course/view.php?id=618 
942 |c CF